| 000 | 01698 a2200181 4500 | ||
|---|---|---|---|
| 020 | _a0751509388 (hardcover) | ||
| 020 | _a9780751509380 (hardcover) | ||
| 090 |
_c4595 _d4595 |
||
| 100 | 1 | _aToffler, Alvin. | |
| 245 | 1 | 0 |
_aWar and anti-war / _cAlvin Toffler. |
| 260 |
_a[S.l.] : _bWarner Books, _c1995. |
||
| 300 | _a412 p. | ||
| 490 | 1 | _aSpanish edition. | |
| 520 | _aThis book examines the subject that has haunted mankind since its origins - war. Beginning with an analysis of warfare in the past, it offers insights into today's conflicts - and a portrait of the future face of battle. Its premise is that the forms of war follow forms of economic activity. In pre-industrial agrarian societies, men fought hand-to-hand. With the age of mass production came mass destruction - the savage bombing sorties of World War II and Vietnam, as well as the omnipresent threat of nuclear annihilation. The "smart bombs" of the Gulf conflict, it warns, are precursors of what war could become as the information age unfolds: a battlefield dominated by "intelligent" weapons systems, from tiny, antlike robots that crawl into an adversary's headquarters to "autonomous arms" that, once programmed, decide when, and towards whom, they fire. The authors show how changes in the media business and the global economy are blurring the distinction between news and psychological warfare, and they call for bloodless battle (anti-war) as a new approach to world peace. Other work by the authors includes "Future Shock", "Third Wave" and "Powershift". | ||
| 830 | 0 | _aSpanish edition. | |
| 856 | 4 | 0 |
_3Amazon.com _uhttp://www.amazon.com/exec/obidos/ASIN/0751509388/chopaconline-20 |
| 942 |
_aNBS _cBK _k355.02 TOF |
||
| 999 |
_c347036 _d347036 |
||